संस्मृतियां: (Record no. 26948)

MARC details
000 -LEADER
fixed length control field 01477nam a22002897a 4500
005 - DATE AND TIME OF LATEST TRANSACTION
control field 20090529115636.0
008 - FIXED-LENGTH DATA ELEMENTS--GENERAL INFORMATION
fixed length control field 090529t xxu||||| |||| 00| 0chin d
010 ## - LCCN (DPL NO)
LC control number HIN-86667
020 ## - INTERNATIONAL STANDARD BOOK NUMBER
International Standard Book Number 9788123752969
Terms of availability 80.00
035 ## - SYSTEM CONTROL NUMBER
System control number HN-59013
037 ## - SOURCE OF ACQUISITION
Source of stock number/acquisition DBAD / PUB
040 ## - CATALOGING SOURCE
Original cataloging agency dpl
Language of cataloging hn
082 ## - DEWEY DECIMAL CLASSIFICATION NUMBER
Classification number 920
100 ## - MAIN ENTRY--PERSONAL NAME
Personal name वर्मा, शिव
245 ## - TITLE STATEMENT
Title संस्मृतियां:
Statement of responsibility, etc शिव वर्मा
Remainder of title क्रांतिकारी शहीदों के संस्मरणात्मक रेखाचित्र /
246 ## - VARYING FORM OF TITLE
Title proper/short title Sansmritiyaan
Remainder of title by Shiv Verma
260 ## - PUBLICATION, DISTRIBUTION, ETC. (IMPRINT)
Place of publication, distribution, etc नयी दिल्ली
Name of publisher, distributor, etc नेशनल बुक ट्रस्ट
Date of publication, distribution, etc 2008
270 ## - ADDRESS
Address नेहरू भवन, 5 इंस्टीट्यूशनल एरिया, फेज-II, वसंत कुंज,
City नयी दिल्ली
Postal code 110070
Electronic mail address
300 ## - PHYSICAL DESCRIPTION
Extent 152पृ.
Dimensions 22सेमी (अजिल्द)
Other physical details सचित्र
490 ## - SERIES STATEMENT
Series statement लोकोपयोगी सामाजिक विज्ञान
650 ## - SUBJECT ADDED ENTRY--TOPICAL TERM
Topical term or geographic name as entry element राष्ट्रवादी
General subdivision जीवनी
Geographic subdivision भारत
650 ## - SUBJECT ADDED ENTRY--TOPICAL TERM
Topical term or geographic name as entry element Nationalist
General subdivision Biography
Geographic subdivision India
650 ## - SUBJECT ADDED ENTRY--TOPICAL TERM
Topical term or geographic name as entry element स्मृति
650 ## - SUBJECT ADDED ENTRY--TOPICAL TERM
Topical term or geographic name as entry element Memory
942 ## - ADDED ENTRY ELEMENTS (KOHA)
Source of classification or shelving scheme Dewey Decimal Classification
Item type Hindi Books
Call number suffix वर्माशि
Classification part 920
Holdings
Withdrawn status Lost status Source of classification or shelving scheme Damaged status Not for loan Home library Current library Date acquired Source of acquisition Cost, normal purchase price Total Checkouts Full call number Barcode Date last seen Copy number Cost, replacement price Koha item type
    Dewey Decimal Classification   Not For Loan D.B.Act.Division D.B.Act.Division 29/05/2009 DBAD / PUB 80.00   920 वर्माशि HN-59013 29/05/2009 1 80.00 Hindi Books

© Delhi Public Library
Hit Counter
free hit counter